000 00409nam a2200169Ia 4500
005 20240618070535.0
008 240331s9999 xx 000 0 und d
082 _bGAN
_a891.48
100 _aGanesalingan, S
245 0 _aOru pennin kadhai
_cS. Ganeshalingan
260 _aChennai
_bKumaran Publishers
_c2002
300 _a192 p .,
650 _aFeminism
650 _aGender
650 _aLaws
942 _cL
999 _c3894
_d3894